000 00309nam a2200121Ia 4500
008 231129s1963||||xx |||||||||||||| ||spa||
082 _aHAJ- 0460
100 _aRussell Bertrand
245 0 _aLa guerra nuclear ante el sentido comĂșn
260 _c1963
264 _aMadrid: Aguilar 1963
942 _2ddc
_cBKS
999 _c17269
_d17269